<?xml version="1.0" encoding="UTF-8"?>
<record
    xmlns:xsi="http://www.w3.org/2001/XMLSchema-instance"
    xsi:schemaLocation="http://www.loc.gov/MARC21/slim http://www.loc.gov/standards/marcxml/schema/MARC21slim.xsd"
    xmlns="http://www.loc.gov/MARC21/slim">

  <leader>01635nam a22002297a 4500</leader>
  <controlfield tag="005">20250625122908.0</controlfield>
  <controlfield tag="008">250623b        |||||||| |||| 00| 0 eng d</controlfield>
  <datafield tag="020" ind1=" " ind2=" ">
    <subfield code="a">9788195971176</subfield>
  </datafield>
  <datafield tag="040" ind1=" " ind2=" ">
    <subfield code="c">AL</subfield>
  </datafield>
  <datafield tag="041" ind1=" " ind2=" ">
    <subfield code="a">English</subfield>
  </datafield>
  <datafield tag="082" ind1=" " ind2=" ">
    <subfield code="a">915.4871</subfield>
    <subfield code="b">BASM</subfield>
  </datafield>
  <datafield tag="100" ind1=" " ind2=" ">
    <subfield code="a">Subhas Chandra Basu Ed</subfield>
    <subfield code="9">216055</subfield>
  </datafield>
  <datafield tag="245" ind1=" " ind2=" ">
    <subfield code="a">Mangaluru heritage combing kudla</subfield>
    <subfield code="b">: with pens and brushes</subfield>
  </datafield>
  <datafield tag="260" ind1=" " ind2=" ">
    <subfield code="a">Mangaluru</subfield>
    <subfield code="b">Art Kanara Trust</subfield>
    <subfield code="c">2025</subfield>
  </datafield>
  <datafield tag="300" ind1=" " ind2=" ">
    <subfield code="a">70p.</subfield>
    <subfield code="b">PB</subfield>
    <subfield code="c">20x20.5cm.</subfield>
  </datafield>
  <datafield tag="365" ind1=" " ind2=" ">
    <subfield code="a">KSCR-000227</subfield>
    <subfield code="b">&#x20B9;388.00</subfield>
    <subfield code="c">&#x20B9;</subfield>
    <subfield code="d">&#x20B9;485.00</subfield>
    <subfield code="e">20%</subfield>
    <subfield code="f">20-06-2025</subfield>
  </datafield>
  <datafield tag="520" ind1=" " ind2=" ">
    <subfield code="a"> The Mangaluru Chapter of the Indian National Trust for Art and Cultural Heritage (INTACH), in association with Art Kanara Trust, is set to unveil a attractive pictorial book, &#x2018;Combing Kudla with Pens and Brushes&#x2019;, capturing the city&#x2019;s rich heritage through the evocative sketches and watercolours of five renowned artists from Dakshina Kannada.
This book is the culmination of an artistic journey that began on World River Day in September 2022, when INTACH Mangaluru invited artists and school students to document the vibrant life of Bengre&#x2019;s fishing villages. Over the next two years, more sketching events unfolded across the city&#x2014;at the Srimanthi Bai Memorial Government Museum in Bejai, the historic Bunder precinct, and during a communal harmony rally at Mahila Sabha. Each event saw the artists capturing the essence of Mangaluru&#x2019;s evolving urban landscape, preserving its fading stories through intricate strokes and vivid watercolors.</subfield>
  </datafield>
  <datafield tag="650" ind1=" " ind2=" ">
    <subfield code="a">Geography</subfield>
    <subfield code="9">215980</subfield>
  </datafield>
  <datafield tag="650" ind1=" " ind2=" ">
    <subfield code="a">Heritage Map</subfield>
    <subfield code="9">215981</subfield>
  </datafield>
  <datafield tag="650" ind1=" " ind2=" ">
    <subfield code="a">Heritage Sketches</subfield>
    <subfield code="9">215982</subfield>
  </datafield>
  <datafield tag="942" ind1=" " ind2=" ">
    <subfield code="2">ddc</subfield>
    <subfield code="c">BK</subfield>
  </datafield>
  <datafield tag="999" ind1=" " ind2=" ">
    <subfield code="c">234512</subfield>
    <subfield code="d">234512</subfield>
  </datafield>
  <datafield tag="952" ind1=" " ind2=" ">
    <subfield code="0">0</subfield>
    <subfield code="1">0</subfield>
    <subfield code="2">ddc</subfield>
    <subfield code="4">0</subfield>
    <subfield code="7">3</subfield>
    <subfield code="8">GEN</subfield>
    <subfield code="a">AL</subfield>
    <subfield code="b">AL</subfield>
    <subfield code="c">RS</subfield>
    <subfield code="d">2025-06-23</subfield>
    <subfield code="e">Navakarnataka Publications Pvt. Ltd. Mangaluru-575001</subfield>
    <subfield code="g">388.00</subfield>
    <subfield code="l">0</subfield>
    <subfield code="o">915.4871 BASM</subfield>
    <subfield code="p">077688</subfield>
    <subfield code="r">2025-06-23 16:48:06</subfield>
    <subfield code="v">485.00</subfield>
    <subfield code="w">2025-06-20</subfield>
    <subfield code="y">REF</subfield>
  </datafield>
</record>
